00989nam a2200217 a 450000100100000000500170001000800410002704000250006808200150009310000390010824502740014724600630042125000190048426000360050330000470053950000740058654600340066070000260069470000250072070000260074500004575920220307131057.0150511s2012 dr ac 000 0 spa d aDO-SdBNPbspacBNPHU axxxxbxxxx1 aTejeda Ortíz, Dagoberto, d1940-10aIdentidad y magia :bbailes folklóricos de la República Dominicana = Identity and magic : folk dances of the Dominican Republic /cDagoberto Tejeda Ortiz ; fotografía Mariano Hernóndez ; ilustración Julián Amado ; traducción Diana López, Christian Lugo.1 aIdentity and magic : folk dances of the Dominican Republic aEd. bilingüe aSanto Domingo :bVICINI,c2012. a299 p. :bil., retrs. + CD-ROM : ;c34 cm. aIncluye referencias bibliográficas y notas al pie de las páginas. aTexto en inglés y español12aAmado, Julián,eil.12aLópez, Diana,etr.12aLugo, Christian,etr.